00673cam a22001932 4500001001100000005001700011008004100028020001700069040001500086100003500101245012600136250001300262260003100275300001700306650005700323650005400380650004200434852000300476000002457820151217152304.0140108s xx 000 0 eng d a0199580378 : aKABUcKABU1 aChesterman, Simon.@000018489710aOne nation under surveillance :ba new social contract to defend freedom without sacrificing liberty /cSimon chesterman. a1st ed. aOxford :bO. U. P.,c2011. axii, 297 p. 0aElectronic surveillancexSocial aspects.@0000184898 0aIntelligence servicexSocial aspects.@0000184899 0aNational social security.@00001849001